From Metaphysics to Art and Back. The Relevance of Susanne K. Langer's Philosophy of Process Metaphysics (Record no. 589505)
[ view plain ]
| 000 -CABECERA | |
|---|---|
| Campo de control de longitud fija | 00495nab a2200145Ia 4500 |
| 003 - IDENTIFICADOR DEL NÚMERO DE CONTROL | |
| Campo de control | ES-SlBCS |
| 005 - FECHA Y HORA DE LA ÚLTIMA TRANSACCIÓN | |
| Campo de control | 20210601133027.0 |
| 008 - CÓDIGOS DE INFORMACIÓN DE LONGITUD FIJA | |
| Campo de control de longitud fija | 140529s1997 xxu||||| |||| 00| 0 ita d |
| 041 ## - CÓDIGO DE LENGUA | |
| Código de lengua del texto/banda sonora o título independiente | ita |
| 100 1# - PUNTO DE ACCESO PRINCIPAL-NOMBRE DE PERSONA | |
| Nombre de persona | Lachmann, Rolf |
| 9 (RLIN) | 157659 |
| 245 00 - MENCIÓN DE TÍTULO | |
| Título | From Metaphysics to Art and Back. The Relevance of Susanne K. Langer's Philosophy of Process Metaphysics |
| Mención de responsabilidad, etc. | Rolf Lachmann |
| 600 14 - PUNTO DE ACCESO ADICIONAL DE MATERIA-NOMBRE DE PERSONA | |
| Nombre personal | Langer, Susana |
| 9 (RLIN) | 157664 |
| 773 0# - ENLACE AL DOCUMENTO FUENTE | |
| Título | Process Studies |
| Parte(s) relacionada(s) | vol. 26, nº. 1-2, 1997, págs. 107-125 |
| Número de control del registro relacionado | Rev838 |
| 942 ## - ENTRADA DE ELEMENTOS AGREGADOS (KOHA) | |
| Koha [por defecto] tipo de item | Artículos de revista |
| Suprimido | Perdido | Estropeado | No para préstamo | Localización permanente | Localización actual | Localización en estantería | Fecha adquisición | Préstamos totales | Fecha última consulta | Fecha del precio de reemplazo | Tipo de item de Koha |
|---|---|---|---|---|---|---|---|---|---|---|---|
| San Esteban | San Esteban | Depósito de revistas | 11/07/2014 | 11/07/2014 | 11/07/2014 | Artículos de revista |
